00639nam a22001817a 450000500170000001000150001702000270003203500140005903700130007308200110008624500600009726000480015727000540020530000200025994200250027999900190030495201340032320240117161218.0 aENG-138924 c1200.00a9788194964025 aEN-122456 bDBAD/PUB a378.73 aAll Our Yesterdays:bJanki Devi Memorial College At 60/ aNew DelhibVitasta Publishing Pvt ltdc2021 a2/15, Ansari Road, Daryaganj, bNew Delhie110002 a261p.c29cm(hb) 2ddccENh378.78mALL c200195d200195 001040718REFaAVbAVd2024-01-17eDBAD/PUBg1200.00l0o378.78 ALLpEN-122456r2024-01-17 00:00:00t1v1200.00w2024-01-17yEN